Characterization of Toxoplasma gondii surface antigen 2 (SAG2) and its subfragments expressed in the yeast Pichia pastoris /
Saved in:
| Main Author: | |
|---|---|
| Format: | Thesis Book |
| Language: | English |
| Published: |
2008.
|
| Subjects: | |
| Tags: |
Add Tag
No Tags, Be the first to tag this record!
|
| LEADER | 00927cam a2200253 a 4500 | ||
|---|---|---|---|
| 001 | u760436 | ||
| 003 | SIRSI | ||
| 005 | 200809151508 | ||
| 008 | 080915s2008 my a m 000 0 eng | ||
| 040 | |a UMP | ||
| 096 | |a QX4 |b UM 2008 Lau | ||
| 100 | 1 | |a Lau, Yee Ling. | |
| 245 | 1 | 0 | |a Characterization of Toxoplasma gondii surface antigen 2 (SAG2) and its subfragments expressed in the yeast Pichia pastoris / |c Lau Yee Ling. |
| 260 | |c 2008. | ||
| 300 | |a xxv, 249 leaves : |b ill. ; |c 30 cm. | ||
| 502 | |a Thesis (Ph.D) -- Department of Parasitology, Faculty of Medicine, University of Malaya, 2008. | ||
| 504 | |a Bibliography: leaves 201-235 | ||
| 650 | 2 | |a Parasitology. | |
| 650 | 2 | |a Parasitic Diseases. | |
| 650 | 2 | |a Molecular Diagnosis. | |
| 710 | 2 | |a Universiti Malaya. |b Jabatan Parasitologi. | |
| 596 | |a 2 | ||
| 900 | |a RAH | ||
| 999 | |a QX4 UM 2008 LAU |w NLM |c 1 |i A503112572 |d 5/5/2009 |f 5/5/2009 |g 1 |l TESIS |m P02MEDKL |r Y |s Y |t TESIS |u 5/5/2009 | ||
